Online
Catalog

Análisis de los negocios con excel / (Record no. 22544)

MARC details
000 -CABECERA
campo de control de longitud fija 00949nam a2200265 a 4500
001 - NÚMERO DE CONTROL
campo de control 000023047
005 - FECHA Y HORA DE LA ÚLTIMA TRANSACCIÓN
campo de control 20260205101807.0
008 - DATOS DE LONGITUD FIJA--INFORMACIÓN GENERAL
campo de control de longitud fija 101125s1996 mx a 001 0 spa d
020 ## - NÚMERO INTERNACIONAL ESTÁNDAR DEL LIBRO
Número Internacional Estándar del Libro 9688806226
040 ## - FUENTE DE LA CATALOGACIÓN
Centro catalogador/agencia de origen DO-SdBNP
Lengua de catalogación spa
Centro/agencia transcriptor BNPHU
082 ## - NÚMERO DE LA CLASIFICACIÓN DECIMAL DEWEY
Número de clasificación 657.450285
Número de documento/Ítem C278a
049 ## - FONDOS LOCALES (OCLC)
Fondos de biblioteca BNGR
100 1# - ENTRADA PRINCIPAL--NOMBRE DE PERSONA
Nombre de persona Carlberg, Conrad George
9 (RLIN) 47426
245 10 - MENCIÓN DE TÍTULO
Título Análisis de los negocios con excel /
Mención de responsabilidad, etc. Conrad Carlberg ; traducción de Gabriel Sánchez García.
260 ## - PUBLICACIÓN, DISTRIBUCIÓN, ETC.
Lugar de publicación, distribución, etc. México, D. F. :
Nombre del editor, distribuidor, etc. Prentice Hall Hispanoamericana,
Fecha de publicación, distribución, etc. 1996.
300 ## - DESCRIPCIÓN FÍSICA
Extensión xviii, 569 p. :
Otras características físicas il. ;
Dimensiones 24 cm. +
Material acompañante/anejo Diskette.
500 ## - NOTA GENERAL
Nota general Incluye glosario de términos.
500 ## - NOTA GENERAL
Nota general Incluye índice alfabético.
500 ## - NOTA GENERAL
Nota general Incluye disco con hojas de cálculo elaboradas con excel.
650 #0 - PUNTO DE ACCESO ADICIONAL DE MATERIA--TÉRMINO DE MATERIA
Término de materia o nombre geográfico como elemento de entrada Administración industrial
9 (RLIN) 5872
650 #0 - PUNTO DE ACCESO ADICIONAL DE MATERIA--TÉRMINO DE MATERIA
Término de materia o nombre geográfico como elemento de entrada Negocios
9 (RLIN) 27821
650 #4 - PUNTO DE ACCESO ADICIONAL DE MATERIA--TÉRMINO DE MATERIA
Término de materia o nombre geográfico como elemento de entrada Excel (programa para computador)
9 (RLIN) 47427
700 1# - PUNTO DE ACCESO ADICIONAL--NOMBRE DE PERSONA
Nombre de persona Sánchez García, Gabriel,
Término indicativo de función/relación tr.
9 (RLIN) 44836
910 ## - DATOS DE OPCIÓN DEL USUARIO (OCLC)
Datos de opción del usuario WM
Holdings
Estado de retiro Estado de pérdida Restricciones de uso No para préstamo Código de colección Localización permanente Ubicación/localización actual Ubicación en estantería Fecha de adquisición Número de inventario Total de préstamos Signatura topográfica completa Código de barras Fecha visto por última vez Precio válido a partir de Tipo de ítem Koha
        Monografías: Libros y Folletos General General Depósito 25.11.2010 LF1   657.450285 C278a 23047-10 25.06.2020 25.06.2020 Préstamo en sala

Powered by Koha